000 00403nam a2200169Ia 4500
008 221030s9999 xx 000 0 und d
020 _a8178085801
041 _aEnglish
082 _a105.23
_bVan
100 _aJames C. Van Horne
245 0 _aFinancial Management Policy
250 _a12th
260 _bAddison Wesley
_aNew Delhi
_c2002
300 _a814
650 _aMCA Management
942 _cBK
999 _c2289
_d2289